Normal view MARC view

Entry Personal Name

Number of records used in: 1

001 - CONTROL NUMBER

  • control field: 55046

003 - CONTROL NUMBER IDENTIFIER

  • control field: OSt

005 - DATE AND TIME OF LATEST TRANSACTION

  • control field: 20241011135911.0

008 - FIXED-LENGTH DATA ELEMENTS

  • fixed length control field: 241011|| aca||aabn | a|a d

040 ## - CATALOGING SOURCE

  • Original cataloging agency: OSt
  • Transcribing agency: OSt

100 ## - HEADING--PERSONAL NAME

  • Personal name: နွယ်ဆားတော်၊ စဝ်၊ ဦး။

670 ## - SOURCE DATA FOUND

  • Source citation: Work cat.: (OSt)16652: ရွှေယုံ၊ စဝ်၊ ဦး 17285, ကောင်းမူးလုန် ရွှေဆတ်မင်းစေတီတော်သမိုင်း (ခမ်းတီလုန်ပူတာအို) /, ၁၉၉၈။

Library - 09407999929
Admin Office - 09407999979
Dean Office - 09250910768
Registrar Office - 09892297154
Email - [email protected]
Shan State Buddhist University, Phaya Phyu Taunggyi, Shan State, Myanmar.